To the freeholders and inhabitants of the counties of Botetourt and Montgomery : Gentlemen, Actuated by the same motives which first induced us to engage in your service, we now beg leave to call your attentions to a subject, to which, from your local situation ... you must hitherto have been strangers. We mean the state of our public debts. ... In order, gentlemen, to give you a more perfect idea of your proportion of the national debt ... and of your balances of taxes which are still due, we have subjoined the following concise table. ...

Bibliographic Details
Main Author: Breckinridge, John, 1760-1806
Other Authors: Stuart, Archibald, 1757-1832
Format: eBook
Language:English
Published: [Virginia] : [publisher not identified], [1785]
Series:Early American imprints. Evans (1639-1800) ; no. 44653.
Subjects:
Online Access:Evans Digital Edition

MARC

Tag First Indicator Second Indicator Subfields
LEADER 00000cam a22000001a 4500
001 in00002153404
006 m e d #
007 cr mn mmmmabba
008 860530s1785 vau s 000 0 eng d
005 20260331152021.3
035 |z w001751 
035 |a MAAR8605301204B 
035 |9 mwa91-3350 
035 |a 333629 
035 |a aas03001751 
040 |a MWA  |c MWA  |e bdrb  |d UtOrBLW 
100 1 |a Breckinridge, John,  |d 1760-1806. 
245 1 0 |a To the freeholders and inhabitants of the counties of Botetourt and Montgomery :  |b Gentlemen, Actuated by the same motives which first induced us to engage in your service, we now beg leave to call your attentions to a subject, to which, from your local situation ... you must hitherto have been strangers. We mean the state of our public debts. ... In order, gentlemen, to give you a more perfect idea of your proportion of the national debt ... and of your balances of taxes which are still due, we have subjoined the following concise table. ... 
264 1 |a [Virginia] :  |b [publisher not identified],  |c [1785] 
300 |a 1 sheet (1 unnumbered page) 
336 |a text  |b txt  |2 rdacontent 
337 |a computer  |b c  |2 rdamedia 
338 |a online resource  |b cr  |2 rdacarrier 
500 |a Signed: John Breckenridge. Archibald Stuart. 
500 |a The Library of Congress copy is dated in ms.: January 5th. 1785. 
510 4 |a Bristol  |c B6029 
510 4 |a Shipton & Mooney  |c 44653 
530 |a Microform version available in the Readex Early American Imprints series. 
533 |a Electronic text and image data.  |b [Chester, Vt. :  |c Readex, a division of Newsbank, Inc.,  |d 2002-2004.  |e Includes files in TIFF, GIF and PDF formats with inclusion of keyword searchable text.  |f (Early American imprints. First series ; no. 44653). 
500 |a Electronic resource. 
650 0 |a Accounts current  |z United States. 
650 0 |a Debts, Public  |z Virginia. 
650 0 |a Taxation  |z Virginia. 
655 7 |a Broadsides.  |2 rbgenr 
700 1 |a Stuart, Archibald,  |d 1757-1832. 
752 |a United States  |b Virginia. 
830 0 |a Early American imprints.  |n Series I,  |p Evans (1639-1800) ;  |v no. 44653. 
856 4 1 |u http://proxy.library.tamu.edu/login?url=https://opac.newsbank.com/select/evans/44653  |y Evans Digital Edition  |t 0 
999 |a MARS 
999 f f |s 535405b4-9b3d-38e1-bdd4-17f3217e9b7e  |i 9e66a868-5341-3d3a-85fa-65be646eedee  |t 0 
952 f f |a Texas A&M University  |b College Station  |c Electronic Resources  |s www_evans  |d Available Online  |t 0  |h No information provided 
998 f f |t 0  |l Available Online